[Event "Bundesliga B Mitte 2008/2009"]
[Site "Voecklabruck"]
[Date "2009.03.08"]
[Round "8"]
[Board "4"]
[White "Pesec, Franz"]
[Black "Wach, Markus"]
[Result "0-1"]
[WhiteElo "2176"]
[BlackElo "2377"]
[PlyCount "116"]
[EventDate "2008.10.11"]
[EventType "team"]
[EventRounds "11"]
[EventCountry "AUT"]
[WhiteTeam "ZH- Technologies Wolfsberg"]
[BlackTeam "Schachklub Sparkasse Fuerstenfeld"]

1.e4 Nf6 2.e5 Nd5 3.d4 d6 4.Nf3 g6 5.c4 Nb6 6.Nc3 Bg7 7.Bf4 O-O 8.h3 Nc6 9.exd6
cxd6 10.Be2 e5 11.dxe5 dxe5 12.Bg5 Qxd1+ 13.Rxd1 Be6 14.b3 f5 15.Be3 h6 16.Nb5
Rf7 17.O-O Nc8 18.Bc5 a6 19.Nd6 Nxd6 20.Rxd6 Re8 21.Bb6 e4 22.Ne1 Be5 23.Rd1 f4
24.Bg4 Bf5 25.Bxf5 gxf5 26.Nc2 Re6 27.Nd4 Bxd4 28.Bxd4 Nb4 29.Bc3 Nd3 30.Rd2 Rd7
31.Rfd1 Kf7 32.c5 Rd5 33.b4 Ke8 34.a3 Kd7 35.Kh2 Kc6 36.Ra1 Kb5 37.Rc2 Ka4
38.Bg7 e3 39.fxe3 fxe3 40.Re2 f4 41.Rf1 Kxa3 42.Bf8 Ka4 43.Bd6 Rf5 44.Rd1 Rd5
45.Rf1 Rd4 46.Rd1 Ree4 47.Bf8 h5 48.c6 bxc6 49.Ra1+ Kb3 50.Rxa6 Nxb4 51.Bxb4
Kxb4 52.Rxc6 Rd2 53.Re1 Kb3 54.Kg1 Kb2 55.h4 Red4 56.Rc5 Rd1 57.Kf1 R4d2 58.Rxd1
e2+

[Event "Bundesliga B Mitte 2008/2009"]
[Site "Voecklabruck"]
[Date "2009.03.08"]
[Round "8"]
[Board "5"]
[White "Kilgus, Georg"]
[Black "Toefferl, Heimo"]
[Result "1-0"]
[WhiteElo "2349"]
[BlackElo "2097"]
[PlyCount "61"]
[EventDate "2008.10.11"]
[EventType "team"]
[EventRounds "11"]
[EventCountry "AUT"]
[WhiteTeam "Schachklub Sparkasse Fuerstenfeld"]
[BlackTeam "ZH- Technologies Wolfsberg"]

1.d4 e6 2.c4 d5 3.Nf3 c6 4.e3 Bd6 5.Bd3 f5 6.O-O Ne7 7.b3 O-O 8.Ba3 Bc7 9.Nc3
Bd7 10.Rc1 a5 11.Ne5 Be8 12.Qc2 Na6 13.cxd5 Nb4 14.Bxb4 axb4 15.Na4 exd5 16.f4
Rf6 17.Qc5 b5 18.Nb2 Rxa2 19.Qc2 Bd6 20.Qd2 Qa8 21.Bb1 Ra1 22.Nbd3 Ra3 23.Bc2
Qa5 24.Nc5 Bxc5 25.dxc5 Bf7 26.Qd4 Bh5 27.Rf2 Re6 28.h3 Ra2 29.Bd1 Bxd1 30.Rxa2
Qxa2 31.Ra1

[Event "Bundesliga B Mitte 2008/2009"]
[Site "Voecklabruck"]
[Date "2009.03.08"]
[Round "8"]
[Board "6"]
[White "Sternat, Roland"]
[Black "Poetz, Florian"]
[Result "0-1"]
[WhiteElo "2122"]
[BlackElo "2227"]
[PlyCount "64"]
[EventDate "2008.10.11"]
[EventType "team"]
[EventRounds "11"]
[EventCountry "AUT"]
[WhiteTeam "ZH- Technologies Wolfsberg"]
[BlackTeam "Schachklub Sparkasse Fuerstenfeld"]

1.d4 Nf6 2.Nf3 e6 3.c4 Bb4+ 4.Bd2 c5 5.Bxb4 cxb4 6.e3 O-O 7.Nbd2 d6 8.Bd3 Nc6
9.O-O e5 10.Ne4 Bg4 11.d5 Nb8 12.h3 Bxf3 13.Nxf6+ Qxf6 14.Qxf3 Qe7 15.Qd1 Nd7
16.Qc2 g6 17.a3 a5 18.Rfb1 Nc5 19.b3 f5 20.Qe2 Rae8 21.axb4 axb4 22.Bc2 f4 23.f3
fxe3 24.Qxe3 Qh4 25.Be4 Rf4 26.Re1 Qg3 27.Re2 Ref8 28.Kh1 Nxe4 29.fxe4 Rf1+
30.Rxf1 Rxf1+ 31.Qg1 Rxg1+ 32.Kxg1 Qxb3

[Event "Bundesliga B Mitte 2008/2009"]
[Site "Voecklabruck"]
[Date "2009.03.08"]
[Round "8"]
[Board "1"]
[White "Schachinger, Mario"]
[Black "Dervishi, Erald"]
[Result "0-1"]
[WhiteElo "2336"]
[BlackElo "2545"]
[PlyCount "68"]
[EventDate "2008.10.11"]
[EventType "team"]
[EventRounds "11"]
[EventCountry "AUT"]
[WhiteTeam "Kl. Zeitung MPOE Maria Saal"]
[BlackTeam "SK Leoben"]

1.e4 e5 2.Nf3 Nc6 3.Bb5 a6 4.Ba4 Nf6 5.O-O Be7 6.Re1 b5 7.Bb3 d6 8.c3 O-O 9.h3
Nb8 10.d4 Nbd7 11.Nbd2 Bb7 12.Bc2 Re8 13.Nf1 Bf8 14.Ng3 g6 15.b3 c6 16.a4 Qc7
17.Bb2 Bg7 18.Ra2 Nb6 19.Bd3 Nfd7 20.a5 Nc8 21.c4 Ne7 22.Qa1 Rad8 23.Rc1 bxc4
24.Bxc4 Qb8 25.dxe5 dxe5 26.Bc3 c5 27.Ng5 Rf8 28.Rf1 Nc8 29.f4 Nd6 30.fxe5 Nxc4
31.bxc4 Bxe5 32.Raf2 Bxc3 33.Qxc3 Qe5 34.Qe3 f6

[Event "Bundesliga B Mitte 2008/2009"]
[Site "Voecklabruck"]
[Date "2009.03.08"]
[Round "8"]
[Board "2"]
[White "Manca, Federico"]
[Black "Horvath, Gabor"]
[Result "1-0"]
[WhiteElo "2373"]
[BlackElo "2277"]
[PlyCount "83"]
[EventDate "2008.10.11"]
[EventType "team"]
[EventRounds "11"]
[EventCountry "AUT"]
[WhiteTeam "SK Leoben"]
[BlackTeam "Kl. Zeitung MPOE Maria Saal"]

1.e4 c5 2.c3 d6 3.d4 Nf6 4.Bd3 cxd4 5.cxd4 g6 6.Nf3 Bg7 7.h3 O-O 8.Nc3 Nc6 9.O-O
e5 10.dxe5 dxe5 11.Be3 Be6 12.Bb5 Qa5 13.Bxc6 bxc6 14.Qc2 Nh5 15.Na4 Nf4 16.Nc5
Qb5 17.Rfe1 Rfd8 18.Bxf4 exf4 19.Nxe6 fxe6 20.e5 Rd5 21.Re4 Rad8 22.Rc1 c5 23.b3
Qd7 24.Ree1 Bf8 25.Qe4 Bh6 26.Kh2 Qb5 27.Rc4 Qa5 28.Ra4 Qb6 29.Qc4 a5 30.Qc3 c4
31.bxc4 Rd3 32.c5 Qb7 33.Qc4 R3d5 34.Rxa5 Qb2 35.Re2 Qb1 36.Re1 Qb2 37.Rf1 Bg7
38.Rb5 Qa3 39.c6 Qa6 40.Rxd5 Qxc4 41.Rxd8+ Bf8 42.Rb1

[Event "Bundesliga B Mitte 2008/2009"]
[Site "Voecklabruck"]
[Date "2009.03.08"]
[Round "8"]
[Board "3"]
[White "Reschun, Sascha"]
[Black "Bachler, Reinhard"]
[Result "0-1"]
[WhiteElo "2246"]
[BlackElo "2241"]
[PlyCount "84"]
[EventDate "2008.10.11"]
[EventType "team"]
[EventRounds "11"]
[EventCountry "AUT"]
[WhiteTeam "Kl. Zeitung MPOE Maria Saal"]
[BlackTeam "SK Leoben"]

1.e4 c5 2.Nf3 d6 3.d4 cxd4 4.Nxd4 a6 5.c4 Nf6 6.Nc3 Qc7 7.Bg5 e6 8.Bxf6 gxf6
9.f4 Nc6 10.Nc2 Bd7 11.Rb1 Na5 12.Qd4 Rc8 13.Ne3 Qc5 14.Qd2 Nc6 15.Rd1 Rd8
16.Be2 Nb4 17.Ng4 Be7 18.a3 Nc6 19.b4 Qa7 20.Ne3 O-O 21.O-O Kh8 22.Bh5 b5 23.Kh1
bxc4 24.Nxc4 Be8 25.Qe1 a5 26.b5 Qc5 27.Be2 Nd4 28.Bd3 Nxb5 29.Na4 Qa7 30.Qh4
Rg8 31.Nab2 Nc3 32.Rc1 f5 33.Qe1 Nxe4 34.Bxe4 fxe4 35.f5 d5 36.f6 Bf8 37.Nxa5
Bxa3 38.Rc2 Rb8 39.Qa1 Bxb2 40.Rxb2 Rxb2 41.Qxb2 Qxa5 42.Ra1 Qb5

[Event "Bundesliga B Mitte 2008/2009"]
[Site "Voecklabruck"]
[Date "2009.03.08"]
[Round "8"]
[Board "4"]
[White "Sandner, Wolfgang"]
[Black "Halvax, Georg"]
[Result "1/2-1/2"]
[WhiteElo "2226"]
[BlackElo "2187"]
[PlyCount "74"]
[EventDate "2008.10.11"]
[EventType "team"]
[EventRounds "11"]
[EventCountry "AUT"]
[WhiteTeam "SK Leoben"]
[BlackTeam "Kl. Zeitung MPOE Maria Saal"]

1.e4 c5 2.Nf3 Nc6 3.d3 g6 4.g3 Bg7 5.Bg2 d6 6.O-O Rb8 7.a4 e6 8.c3 Nge7 9.Be3 a6
10.Qd2 b5 11.axb5 axb5 12.Bh6 Bf6 13.Bg5 Bg7 14.d4 h6 15.Be3 Na5 16.Qc2 Nc4
17.Bc1 cxd4 18.Nxd4 Qc7 19.Rd1 O-O 20.b3 Ne5 21.Na3 Bd7 22.Bb2 Rfc8 23.Qe2 Qb6
24.Kh1 b4 25.cxb4 Qxb4 26.f4 N5c6 27.Nxc6 Bxc6 28.Bxg7 Kxg7 29.Nc4 d5 30.exd5
Bxd5 31.Bxd5 Nxd5 32.Qe5+ Kg8 33.Rd3 Qc5 34.Nd6 Qc6 35.Kg1 Qc5+ 36.Kh1 Qc6
37.Kg1 Qc5+

[Event "Bundesliga B Mitte 2008/2009"]
[Site "Voecklabruck"]
[Date "2009.03.08"]
[Round "8"]
[Board "5"]
[White "Hartl, Daniel"]
[Black "Binder, Michael"]
[Result "1-0"]
[WhiteElo "2188"]
[BlackElo "2170"]
[PlyCount "79"]
[EventDate "2008.10.11"]
[EventType "team"]
[EventRounds "11"]
[EventCountry "AUT"]
[WhiteTeam "Kl. Zeitung MPOE Maria Saal"]
[BlackTeam "SK Leoben"]

1.e4 e5 2.Nf3 Nc6 3.Bc4 Bc5 4.c3 Nf6 5.d3 a6 6.Bb3 Ba7 7.Nbd2 O-O 8.O-O d6 9.h3
Ne7 10.Re1 Ng6 11.Nf1 Be6 12.Ng3 c6 13.Bc2 h6 14.d4 Qc7 15.Be3 Rfe8 16.Qc1 b5
17.Nf5 Bxf5 18.exf5 Nf8 19.Bxh6 gxh6 20.Qxh6 N8h7 21.Ng5 e4 22.Nxh7 Nxh7 23.f6
Nxf6 24.Qxf6 Qe7 25.Qxe7 Rxe7 26.Rxe4 Rae8 27.Rae1 Rxe4 28.Rxe4 Rxe4 29.Bxe4 c5
30.d5 Kg7 31.Kf1 Kf6 32.f4 Bb6 33.Ke2 Bd8 34.g4 Bb6 35.Kf3 a5 36.g5+ Ke7 37.h4
c4 38.h5 Bc5 39.h6 Kf8 40.f5

[Event "Bundesliga B Mitte 2008/2009"]
[Site "Voecklabruck"]
[Date "2009.03.08"]
[Round "8"]
[Board "3"]
[White "Jeric, Simon"]
[Black "Aschenbrenner, Robert"]
[Result "1-0"]
[WhiteElo "2279"]
[BlackElo "2261"]
[PlyCount "77"]
[EventDate "2008.10.11"]
[EventType "team"]
[EventRounds "11"]
[EventCountry "AUT"]
[WhiteTeam "SV Raika Rapid Feffernitz"]
[BlackTeam "ESV Austria Graz"]

1.e4 c5 2.c3 d5 3.exd5 Qxd5 4.d4 cxd4 5.cxd4 Nc6 6.Nf3 Bg4 7.Be2 e6 8.O-O Nf6
9.Nc3 Qa5 10.h3 Bh5 11.Be3 Bd6 12.a3 O-O 13.b4 Qd8 14.Qb3 Ne7 15.Bg5 Nfd5
16.Nxd5 exd5 17.Bxe7 Bxe7 18.Rfe1 Bf6 19.Ne5 Bxe2 20.Rxe2 Re8 21.Rc1 Qd6 22.f4
Rac8 23.Rc5 Red8 24.Rec2 Rxc5 25.bxc5 Qa6 26.a4 Bxe5 27.fxe5 h5 28.Qb5 Qh6
29.Qxb7 Qe3+ 30.Rf2 Qxd4 31.Qxf7+ Kh8 32.Qxh5+ Kg8 33.Qf7+ Kh8 34.e6 Rb8 35.Qh5+
Kg8 36.e7 Qe3 37.Qxd5+ Kh7 38.Qf5+ Kh6 39.Qf4+

[Event "Bundesliga B Mitte 2008/2009"]
[Site "Voecklabruck"]
[Date "2009.03.08"]
[Round "8"]
[Board "4"]
[White "Ebner, Hubert"]
[Black "Kavcic, Zan"]
[Result "1-0"]
[WhiteElo "2214"]
[BlackElo "2335"]
[PlyCount "49"]
[EventDate "2008.10.11"]
[EventType "team"]
[EventRounds "11"]
[EventCountry "AUT"]
[WhiteTeam "ESV Austria Graz"]
[BlackTeam "SV Raika Rapid Feffernitz"]

1.Nf3 c5 2.c4 g6 3.d4 Nf6 4.Nc3 cxd4 5.Nxd4 Bg7 6.e4 Nc6 7.Be3 Ng4 8.Qxg4 Nxd4
9.Qd1 Ne6 10.Rc1 O-O 11.Qd2 d6 12.Be2 Bd7 13.O-O Re8 14.Rc2 Bc6 15.f3 a5 16.b3
Nc5 17.Rb1 Qc8 18.a3 f5 19.Nd5 fxe4 20.Nb6 Qf5 21.Nxa8 Rxa8 22.f4 a4 23.b4 Nb3
24.Qd1 Rc8 25.Bg4

[Event "Bundesliga B Mitte 2008/2009"]
[Site "Voecklabruck"]
[Date "2009.03.08"]
[Round "8"]
[Board "5"]
[White "Reiss, Georg"]
[Black "Schrittwieser, Herbert"]
[Result "1/2-1/2"]
[WhiteElo "2131"]
[BlackElo "2212"]
[PlyCount "60"]
[EventDate "2008.10.11"]
[EventType "team"]
[EventRounds "11"]
[EventCountry "AUT"]
[WhiteTeam "SV Raika Rapid Feffernitz"]
[BlackTeam "ESV Austria Graz"]

1.d4 Nf6 2.c4 e6 3.Nc3 Bb4 4.Bg5 h6 5.Bh4 O-O 6.Nf3 d6 7.e3 Bxc3+ 8.bxc3 Qe7
9.Bd3 e5 10.Nd2 Re8 11.O-O Nbd7 12.Ne4 Qe6 13.Qf3 Qg4 14.Qxg4 Nxg4 15.Rab1 b6
16.Nd2 Ngf6 17.h3 Bb7 18.Rfd1 Kf8 19.Bc2 Bc6 20.Rb2 Rab8 21.Re1 g6 22.f3 Kg7
23.Nb1 Re7 24.Na3 a6 25.Bd3 e4 26.Be2 Rbe8 27.f4 Ra8 28.Nc2 Bb7 29.Kh2 Ree8
30.Rg1 Rh8

[Event "Bundesliga B Mitte 2008/2009"]
[Site "Voecklabruck"]
[Date "2009.03.08"]
[Round "8"]
[Board "6"]
[White "Pfaffel, Thomas"]
[Black "Arztmann, Wolfgang"]
[Result "1/2-1/2"]
[WhiteElo "2148"]
[BlackElo "2122"]
[PlyCount "67"]
[EventDate "2008.10.11"]
[EventType "team"]
[EventRounds "11"]
[EventCountry "AUT"]
[WhiteTeam "ESV Austria Graz"]
[BlackTeam "SV Raika Rapid Feffernitz"]

1.Nf3 Nf6 2.b3 g6 3.Bb2 Bg7 4.e3 O-O 5.c4 d6 6.d4 Nbd7 7.Be2 Re8 8.d5 e5 9.dxe6
Rxe6 10.O-O Re8 11.b4 a5 12.a3 Qe7 13.Nc3 Nb6 14.Rc1 axb4 15.axb4 Be6 16.Nb5 Ra2
17.Qb3 Rea8 18.Ra1 Rxa1 19.Rxa1 Rxa1+ 20.Bxa1 c6 21.Nbd4 Ne4 22.Qc2 Bd7 23.Bd3
Ng5 24.Nxg5 Qxg5 25.Nf3 Qe7 26.Qa2 Be6 27.Bxg7 Kxg7 28.Nd4 Nd7 29.Qa1 Qf6 30.f4
c5 31.Nxe6+ fxe6 32.Qxf6+ Kxf6 33.bxc5 Nxc5 34.Bb1

[Event "Bundesliga B Mitte 2008/2009"]
[Site "Voecklabruck"]
[Date "2009.03.08"]
[Round "8"]
[Board "1"]
[White "Mohr, Georg"]
[Black "Gonda, Laszlo"]
[Result "1/2-1/2"]
[WhiteElo "2488"]
[BlackElo "2522"]
[PlyCount "20"]
[EventDate "2008.10.11"]
[EventType "team"]
[EventRounds "11"]
[EventCountry "AUT"]
[WhiteTeam "Strassenbahn Graz"]
[BlackTeam "ASK St. Valentin"]

1.c4 Nf6 2.Nc3 e5 3.Nf3 Nc6 4.g3 Bb4 5.Bg2 O-O 6.O-O e4 7.Ng5 Bxc3 8.dxc3 Re8
9.Qc2 Qe7 10.Nh3 h6

[Event "Bundesliga B Mitte 2008/2009"]
[Site "Voecklabruck"]
[Date "2009.03.08"]
[Round "8"]
[Board "2"]
[White "Sandhoefner, Florian"]
[Black "Grunberg, Mihai-Lucian"]
[Result "1/2-1/2"]
[WhiteElo "2246"]
[BlackElo "2411"]
[PlyCount "33"]
[EventDate "2008.10.11"]
[EventType "team"]
[EventRounds "11"]
[EventCountry "AUT"]
[WhiteTeam "ASK St. Valentin"]
[BlackTeam "Strassenbahn Graz"]

1.e4 Nf6 2.e5 Nd5 3.d4 d6 4.Nf3 Bg4 5.Be2 c6 6.O-O Nd7 7.Re1 dxe5 8.Nxe5 Nxe5
9.dxe5 Bxe2 10.Qxe2 e6 11.Nd2 Be7 12.Ne4 O-O 13.c4 Nb6 14.Bf4 Qc7 15.Red1 Rad8
16.Nd6 Bxd6 17.exd6

[Event "Bundesliga B Mitte 2008/2009"]
[Site "Voecklabruck"]
[Date "2009.03.08"]
[Round "8"]
[Board "4"]
[White "Kranzl, Peter"]
[Black "Pesorda, Ivan"]
[Result "1/2-1/2"]
[WhiteElo "2279"]
[BlackElo "2270"]
[PlyCount "23"]
[EventDate "2008.10.11"]
[EventType "team"]
[EventRounds "11"]
[EventCountry "AUT"]
[WhiteTeam "ASK St. Valentin"]
[BlackTeam "Strassenbahn Graz"]

1.e4 c5 2.c3 Nf6 3.e5 Nd5 4.d4 cxd4 5.Qxd4 e6 6.Nf3 Nc6 7.Qe4 f5 8.Qe2 Qc7 9.g3
b5 10.Bg2 a5 11.O-O Ba6 12.Re1

[Event "Bundesliga B Mitte 2008/2009"]
[Site "Voecklabruck"]
[Date "2009.03.08"]
[Round "8"]
[Board "6"]
[White "Petroczi, Thomas"]
[Black "Teuschler, Hugo"]
[Result "1-0"]
[WhiteElo "2174"]
[BlackElo "2111"]
[PlyCount "62"]
[EventDate "2008.10.11"]
[EventType "team"]
[EventRounds "11"]
[EventCountry "AUT"]
[WhiteTeam "ASK St. Valentin"]
[BlackTeam "Strassenbahn Graz"]

1.e4 c5 2.Nf3 d6 3.d4 cxd4 4.Nxd4 Nf6 5.Nc3 a6 6.g3 e5 7.Nde2 Be7 8.Bg2 O-O
9.O-O Nc6 10.a4 Rb8 11.Bg5 Ne8 12.Be3 Bg5 13.f4 exf4 14.gxf4 Bh6 15.Qd2 b5
16.axb5 axb5 17.Ng3 Qh4 18.e5 Nd8 19.Nd5 Nb7 20.f5 dxe5 21.Bxh6 Qxh6 22.Qxh6
gxh6 23.Ne7+ Kh8 24.Nxc8 Rxc8 25.Bxb7 Rxc2 26.Ra8 Kg8 27.Rf2 Rc1+ 28.Kg2 Nd6
29.Rxf8+ Kxf8 30.Bd5 Rd1 31.Bb3 Ke7

[Event "Bundesliga B Mitte 2008/2009"]
[Site "Voecklabruck"]
[Date "2009.03.08"]
[Round "8"]
[Board "1"]
[White "Haba, Petr"]
[Black "Wittmann, Walter"]
[Result "1-0"]
[WhiteElo "2547"]
[BlackElo "2269"]
[PlyCount "93"]
[EventDate "2008.10.11"]
[EventType "team"]
[EventRounds "11"]
[EventCountry "AUT"]
[WhiteTeam "Schachgemeinschaft Voecklabruck"]
[BlackTeam "Union Styria Kleine Zeitung Graz"]

1.d4 d5 2.c4 e6 3.Nf3 Nf6 4.g3 dxc4 5.Bg2 a6 6.O-O Nc6 7.Nc3 Rb8 8.e4 Be7 9.Qe2
b5 10.Rd1 Nb4 11.d5 exd5 12.e5 Ng4 13.h3 O-O 14.hxg4 Bxg4 15.Rd4 Be6 16.a3 Nd3
17.Ne1 Nxc1 18.Rxc1 c6 19.Rcd1 Qb6 20.Nc2 Rfd8 21.Qh5 a5 22.Ne2 g6 23.Qh6 Qa7
24.R4d2 Bf8 25.Qf4 Bg7 26.Ned4 Qc7 27.Nxe6 fxe6 28.Qg4 Re8 29.Nd4 Bxe5 30.Nxe6
Qc8 31.Bh3 c3 32.Re2 Bh8 33.bxc3 Bxc3 34.Qf4 Qb7 35.Rc2 b4 36.Rdc1 Qe7 37.Rxc3
bxc3 38.Rxc3 Rf8 39.Nxf8 Qe1+ 40.Kg2 Rxf8 41.Re3 Rxf4 42.Rxe1 Rc4 43.Re7 Rc3
44.Be6+ Kh8 45.Rd7 a4 46.Rd6 Kg7 47.Bd7

[Event "Bundesliga B Mitte 2008/2009"]
[Site "Voecklabruck"]
[Date "2009.03.08"]
[Round "8"]
[Board "2"]
[White "Pirker, Christian"]
[Black "Hirneise, Tobias"]
[Result "1/2-1/2"]
[WhiteElo "2120"]
[BlackElo "2426"]
[PlyCount "85"]
[EventDate "2008.10.11"]
[EventType "team"]
[EventRounds "11"]
[EventCountry "AUT"]
[WhiteTeam "Union Styria Kleine Zeitung Graz"]
[BlackTeam "Schachgemeinschaft Voecklabruck"]

1.e4 c5 2.Nc3 Nc6 3.g3 g6 4.Bg2 Bg7 5.d3 d6 6.Be3 Rb8 7.Qd2 b5 8.Nge2 b4 9.Nd1
Nd4 10.O-O e6 11.Nc1 Ne7 12.a3 a5 13.axb4 axb4 14.c3 bxc3 15.bxc3 Ndc6 16.Bh6
O-O 17.Bxg7 Kxg7 18.Ne3 e5 19.f4 f6 20.h4 h6 21.f5 g5 22.Ne2 Bd7 23.Ra6 Qc7
24.Rfa1 Rb7 25.d4 cxd4 26.cxd4 exd4 27.Nxd4 Rfb8 28.Rc1 Rb1 29.Ra1 Rxa1 30.Rxa1
Ne5 31.Nd5 Nxd5 32.exd5 Qc5 33.Kh1 Qb4 34.Ne6+ Bxe6 35.Qxb4 Rxb4 36.dxe6 gxh4
37.Bd5 Kf8 38.Ra8+ Ke7 39.Ra7+ Ke8 40.Ra8+ Ke7 41.gxh4 Rxh4+ 42.Kg2 Rg4+ 43.Kh3

[Event "Bundesliga B Mitte 2008/2009"]
[Site "Voecklabruck"]
[Date "2009.03.08"]
[Round "8"]
[Board "3"]
[White "Konopka, Michal"]
[Black "Spirk, Stefan"]
[Result "1-0"]
[WhiteElo "2445"]
[BlackElo "2128"]
[PlyCount "35"]
[EventDate "2008.10.11"]
[EventType "team"]
[EventRounds "11"]
[EventCountry "AUT"]
[WhiteTeam "Schachgemeinschaft Voecklabruck"]
[BlackTeam "Union Styria Kleine Zeitung Graz"]

1.Nf3 e6 2.g3 b6 3.Bg2 Bb7 4.O-O f5 5.d3 Nf6 6.c4 Be7 7.Nc3 O-O 8.e4 Qe8 9.exf5
Qh5 10.fxe6 Ng4 11.h3 Rxf3 12.hxg4 Qxg4 13.Nd5 Bxd5 14.cxd5 Rxg3 15.fxg3 Qxg3
16.Qf3 Bc5+ 17.Kh1 Qh4+ 18.Qh3

[Event "Bundesliga B Mitte 2008/2009"]
[Site "Voecklabruck"]
[Date "2009.03.08"]
[Round "8"]
[Board "4"]
[White "Frank, Paul"]
[Black "Ennsberger, Ulrich"]
[Result "1/2-1/2"]
[WhiteElo "2249"]
[BlackElo "2315"]
[PlyCount "50"]
[EventDate "2008.10.11"]
[EventType "team"]
[EventRounds "11"]
[EventCountry "AUT"]
[WhiteTeam "Union Styria Kleine Zeitung Graz"]
[BlackTeam "Schachgemeinschaft Voecklabruck"]

1.d4 c5 2.Nf3 Nf6 3.g3 d5 4.Bg2 Nc6 5.O-O e6 6.c4 dxc4 7.Qa4 cxd4 8.Nxd4 Qxd4
9.Bxc6+ Bd7 10.Bxd7+ Qxd7 11.Qxc4 Rc8 12.Qb3 Bc5 13.Nc3 Qc6 14.Bg5 Ne4 15.Nxe4
Qxe4 16.Qb5+ Qc6 17.Qxc6+ Rxc6 18.Rac1 f6 19.Bd2 Kd7 20.Rfd1 Rhc8 21.Bb4+ Bd6
22.Rc3 Rd8 23.Rcd3 Kc7 24.Kg2 b6 25.Kf3 a5

[Event "Bundesliga B Mitte 2008/2009"]
[Site "Voecklabruck"]
[Date "2009.03.08"]
[Round "8"]
[Board "5"]
[White "Rolletschek, Heinrich"]
[Black "Pirker, Georg"]
[Result "1-0"]
[WhiteElo "2222"]
[BlackElo "2131"]
[PlyCount "95"]
[EventDate "2008.10.11"]
[EventType "team"]
[EventRounds "11"]
[EventCountry "AUT"]
[WhiteTeam "Schachgemeinschaft Voecklabruck"]
[BlackTeam "Union Styria Kleine Zeitung Graz"]

1.e4 e6 2.d3 d5 3.Nd2 Nf6 4.Ngf3 c5 5.g3 Nc6 6.Bg2 Be7 7.O-O O-O 8.Re1 dxe4
9.dxe4 e5 10.Nc4 Qc7 11.c3 Be6 12.Qa4 Rab8 13.Ne3 b5 14.Qc2 h6 15.Nh4 Rfd8
16.Rd1 Rxd1+ 17.Qxd1 Rd8 18.Qe2 b4 19.Nhf5 Bf8 20.Qf3 bxc3 21.bxc3 Qa5 22.Nf1
Nxe4 23.Qxe4 Qxc3 24.Rb1 Bxa2 25.Rb2 Nb4 26.Nxh6+ gxh6 27.Qg4+ Kh8 28.Rxa2 Nxa2
29.Be4 Rd6 30.Qf5 Kg7 31.Qg4+ Rg6 32.Bxg6 Qxc1 33.Bb1+ Qg5 34.Qxg5+ hxg5 35.Bxa2
f5 36.Ne3 f4 37.Nd5 Bd6 38.Kg2 Kg6 39.Kf3 fxg3 40.hxg3 Kf5 41.Ne3+ Kf6 42.Ke4 a5
43.Kd5 Bb8 44.g4 a4 45.Nc4 Ba7 46.Bb1 a3 47.f3 a2 48.Bxa2

[Event "Bundesliga B Mitte 2008/2009"]
[Site "Voecklabruck"]
[Date "2009.03.08"]
[Round "8"]
[Board "6"]
[White "Hatzl, Johannes"]
[Black "Hofmair, Klaus"]
[Result "1-0"]
[WhiteElo "2118"]
[BlackElo "2250"]
[PlyCount "122"]
[EventDate "2008.10.11"]
[EventType "team"]
[EventRounds "11"]
[EventCountry "AUT"]
[WhiteTeam "Union Styria Kleine Zeitung Graz"]
[BlackTeam "Schachgemeinschaft Voecklabruck"]

1.e4 e5 2.Nf3 Nc6 3.Bc4 Nf6 4.Nc3 Nxe4 5.O-O Nxc3 6.dxc3 Be7 7.Qd5 O-O 8.Nxe5
Nxe5 9.Qxe5 c6 10.Re1 Bf6 11.Qh5 d5 12.Bd3 g6 13.Qf3 c5 14.Bh6 Bg7 15.Bxg7 Kxg7
16.Rad1 Qg5 17.h4 Qxh4 18.Qxd5 Be6 19.Qxb7 Qf6 20.b3 c4 21.Bf1 Rab8 22.Qxa7 Ra8
23.Qd4 Rxa2 24.Bxc4 Bxc4 25.bxc4 Rxc2 26.Qxf6+ Kxf6 27.Re3 h5 28.c5 Rc8 29.Rd6+
Kg7 30.c6 Ra2 31.Re7 Ra6 32.Rdd7 Raxc6 33.Rxf7+ Kh6 34.f4 Rh8 35.Rc7 Rxc7
36.Rxc7 Rf8 37.g3 h4 38.Kg2 hxg3 39.Kxg3 Rf6 40.Kg4 Re6 41.c4 Re1 42.c5 Rg1+
43.Kf3 Rc1 44.Ke4 Rc4+ 45.Ke5 Kh5 46.f5 gxf5 47.Kxf5 Kh6 48.Ke5 Kg6 49.Kd5 Rc1
50.Re7 Kf6 51.Re2 Rc3 52.Kd6 Rd3+ 53.Kc7 Rc3 54.c6 Rc1 55.Kd7 Rd1+ 56.Kc8 Rc1
57.c7 Rb1 58.Re4 Kf7 59.Kd7 Rd1+ 60.Kc6 Rc1+ 61.Kd6 Rc2

[Event "Bundesliga B Mitte 2008/2009"]
[Site "Voecklabruck"]
[Date "2009.03.08"]
[Round "8"]
[Board "1"]
[White "Horvath, Adam"]
[Black "Horvath, Csaba"]
[Result "1/2-1/2"]
[WhiteElo "2519"]
[BlackElo "2518"]
[PlyCount "83"]
[EventDate "2008.10.11"]
[EventType "team"]
[EventRounds "11"]
[EventCountry "AUT"]
[WhiteTeam "RbEJ Volksbank Gleisdorf"]
[BlackTeam "SC Die Klagenfurter"]

1.e4 e5 2.Nf3 Nf6 3.d4 Nxe4 4.Bd3 d5 5.Nxe5 Nd7 6.Nxd7 Bxd7 7.O-O Bd6 8.Nc3 Nxc3
9.bxc3 Qh4 10.Re1+ Kf8 11.g3 Qg4 12.Be2 Qf5 13.Rb1 Rb8 14.c4 dxc4 15.Bxc4 h5
16.Rb3 Qg4 17.Rf3 f6 18.Qd3 Re8 19.Rxe8+ Bxe8 20.Ba3 h4 21.Rf4 Qd7 22.Bxd6+ Qxd6
23.Rxh4 Rxh4 24.gxh4 Bf7 25.Bxf7 Kxf7 26.h5 Kf8 27.Qe4 c6 28.c4 Qd7 29.a4 Qf7
30.Qf5 Qxc4 31.Qc8+ Kf7 32.Qxb7+ Kg8 33.Qc8+ Kh7 34.Qf5+ Kh8 35.Qc8+ Kh7 36.Qg4
Kh8 37.a5 Qb5 38.Qg6 Qxa5 39.Qe8+ Kh7 40.Qg6+ Kh8 41.Qe8+ Kh7 42.Qg6+

[Event "Bundesliga B Mitte 2008/2009"]
[Site "Voecklabruck"]
[Date "2009.03.08"]
[Round "8"]
[Board "2"]
[White "Horvath, Jozsef"]
[Black "Horvath, Tamas"]
[Result "1-0"]
[WhiteElo "2542"]
[BlackElo "2416"]
[PlyCount "83"]
[EventDate "2008.10.11"]
[EventType "team"]
[EventRounds "11"]
[EventCountry "AUT"]
[WhiteTeam "SC Die Klagenfurter"]
[BlackTeam "RbEJ Volksbank Gleisdorf"]

1.Nf3 c5 2.c4 Nf6 3.Nc3 e6 4.g3 b6 5.Bg2 Bb7 6.O-O Be7 7.Re1 d6 8.e4 Nbd7 9.d4
cxd4 10.Nxd4 Qc7 11.Ndb5 Qb8 12.f4 a6 13.Nd4 O-O 14.g4 g6 15.g5 Nh5 16.f5 e5
17.f6 Bxf6 18.Nf5 Bg7 19.Qxd6 Rd8 20.Ne7+ Kh8 21.Qxb8 Raxb8 22.Ned5 Bf8 23.Rb1
Nc5 24.Rf1 Kg8 25.Be3 b5 26.b4 Ne6 27.c5 Bc6 28.Rbd1 a5 29.a3 axb4 30.axb4 Ra8
31.Bf3 Nhf4 32.Bg4 Ra3 33.Bxf4 Nxf4 34.Nf6+ Kg7 35.Rxd8 Rxc3 36.Rc8 h5 37.Rxc6
hxg4 38.Nxg4 Rc2 39.Nxe5 Nh3+ 40.Kh1 Nf2+ 41.Rxf2 Rxf2 42.Rf6

[Event "Bundesliga B Mitte 2008/2009"]
[Site "Voecklabruck"]
[Date "2009.03.08"]
[Round "8"]
[Board "3"]
[White "Meszaros, Tamas"]
[Black "Genser, Harald"]
[Result "1-0"]
[WhiteElo "2434"]
[BlackElo "2314"]
[PlyCount "125"]
[EventDate "2008.10.11"]
[EventType "team"]
[EventRounds "11"]
[EventCountry "AUT"]
[WhiteTeam "RbEJ Volksbank Gleisdorf"]
[BlackTeam "SC Die Klagenfurter"]

1.e4 c6 2.d4 d5 3.e5 c5 4.dxc5 Nc6 5.Bf4 e6 6.Bd3 Bxc5 7.c3 Nge7 8.Nf3 Ng6 9.Bg3
f5 10.h4 O-O 11.h5 Nh8 12.Nbd2 Nf7 13.b4 Be7 14.b5 Na5 15.c4 Ng5 16.Nxg5 Bxg5
17.f4 Be7 18.cxd5 Qxd5 19.Qf3 Rd8 20.Ke2 b6 21.Qxd5 Rxd5 22.Rac1 Rd7 23.Nc4 Nxc4
24.Bxc4 Kf7 25.Bxe6+ Kxe6 26.Rc6+ Kf7 27.e6+ Ke8 28.exd7+ Bxd7 29.Rc3 Bxb5+
30.Kf3 Rd8 31.Re1 Rd3+ 32.Rxd3 Bxd3 33.Bf2 Be4+ 34.Kg3 Bd6 35.Bd4 g5 36.hxg6
hxg6 37.Be5 Bxe5 38.fxe5 g5 39.Rh1 Ke7 40.Rh6 b5 41.Kf2 a5 42.Rb6 b4 43.Ra6 Bd5
44.Ke3 Bxa2 45.Rxa5 b3 46.Rb5 Ke6 47.Kd4 f4 48.Rb6+ Kf5 49.Rf6+ Kg4 50.Kc3 b2
51.Kxb2 Bd5 52.e6 Bxe6 53.Rxe6 Kg3 54.Rg6 g4 55.Kc3 f3 56.gxf3 Kxf3 57.Kd3 g3
58.Rf6+ Kg2 59.Ke2 Kh1 60.Kf3 g2 61.Rh6+ Kg1 62.Rg6 Kh1 63.Kf2